Revista Colombia amazónica (Registro nro. 16816)
[ vista simple ]
| 000 -CABECERA | |
|---|---|
| Campo de control | 01304cas a2200301 a 4500 |
| 005 - FECHA Y HORA DE LA ULTIMA TRANSACCION | |
| Campo de control | 20170531142233.0 |
| 008 - ELEMENTOS DE LONGITUD FIJA—INFORMACION GENERAL | |
| Campo de control | 840411c19829999ck ar p 0 b0spa c |
| 022 ## - ISSN | |
| ISSN | 0120-6222 |
| 040 ## - FUENTE DE CATALOGACIÓN | |
| Agencia catalogadora original | DSI |
| Agencia transcriptora | DSI |
| Agencia Modificadora | FU |
| -- | MH |
| -- | NST |
| -- | DLC |
| -- | TxU |
| -- | MH |
| -- | NLGGC |
| -- | OCoLC |
| -- | TNJ |
| -- | OCoLC |
| -- | CLU |
| 041 ## - IDIOMA | |
| Código de idioma para texto/pista de sonido o título separado | Español |
| 044 ## - PAÍS DE PUBLICACIÓN | |
| País de publicación | Colombia |
| 090 ## - CLASIFICACIÓN LOCAL | |
| Colección | SE |
| 245 00 - MENCION DE TITULO | |
| Título | Revista Colombia amazónica |
| 246 1# - FORMA VARIANTE DEL TITULO | |
| Título propiamente dicho/forma breve del título | Colombia amazónica |
| 260 ## - PUBLICACION, DISTRIBUCION, ETC. (PIE DE IMPRENTA) | |
| Lugar de publicación, distribución, etc. | Bogotá (Colombia) : |
| Nombre del editor, distribuidor, etc. | Departamento Administrativo de Intendencias y Comisarias, Corporación de Araracuara, Convenio Colombo-Holandés, |
| Fecha de publicación, distribución, etc. | 1982- |
| 300 ## - DESCRIPCION FISICA | |
| Otros detalles físicos | ilustraciones (algunas a color) ; |
| Dimensiones | 24-28 cm. |
| 310 ## - FRECUENCIA ACTUAL DE LA PUBLICACIÓN | |
| Date of current publication frequency | 2008- |
| 515 ## - NUMBERING PECULIARITIES NOTE | |
| Numbering peculiarities note | Publicación suspendida después v. 8, no. 1 (. ABR de 1995); reanudado en epoca nueva, no. 1 (dic. 2008). |
| 550 ## - ISSUING BODY NOTE | |
| Issuing body note | Publicado por: Sinchi, <abril 1995-> |
| 650 #6 - ASIENTO SECUNDARIO DE MATERIA - TERMINO TEMATICO | |
| Término temático o nombre geográfico como elemento de entrada | Ecología humana |
| Subdivisión geográfica | Colombia |
| Subdivisión de forma | Periódicas. |
| 9 (RLIN) | 81745 |
| 650 #6 - ASIENTO SECUNDARIO DE MATERIA - TERMINO TEMATICO | |
| Término temático o nombre geográfico como elemento de entrada | Ecología humana |
| Subdivisión geográfica | Valle del Río Amazonas |
| Subdivisión de forma | Periódicas. |
| 9 (RLIN) | 81746 |
| 650 #6 - ASIENTO SECUNDARIO DE MATERIA - TERMINO TEMATICO | |
| Término temático o nombre geográfico como elemento de entrada | Etnobotánica |
| Subdivisión geográfica | Colombia |
| Subdivisión de forma | Periódicas. |
| 9 (RLIN) | 81747 |
| 650 #6 - ASIENTO SECUNDARIO DE MATERIA - TERMINO TEMATICO | |
| Término temático o nombre geográfico como elemento de entrada | Historia Natural |
| Subdivisión geográfica | Colombia |
| Subdivisión de forma | Periódicas. |
| 9 (RLIN) | 81748 |
| 710 2# - ASIENTO SECUNDARIO - NOMBRE CORPORATIVO | |
| Nombre corporativo o de jurisdicción como elemento de entrada | Corporación Araracuara. |
| 9 (RLIN) | 41031 |
| 710 2# - ASIENTO SECUNDARIO - NOMBRE CORPORATIVO | |
| Nombre corporativo o de jurisdicción como elemento de entrada | Instituto Amazónico de Investigaciones Científicas (Sinchi) |
| 9 (RLIN) | 480 |
| 776 08 - ADDITIONAL PHYSICAL FORM ENTRY | |
| Display text | Online version: |
| Title | Colombia amaz�onica |
| Record control number | (OCoLC)657001526 |
| 942 ## - ELEMENTOS ADICIONALES (KOHA) | |
| Sistema de clasificación | Local |
| Tipo de ítem | Periodica o revista |
| Serial record | 1 |
| Withdrawn status | Lost status | Damaged status | No para préstamo | Colección | Fecha publicación (Año) | Volumen revista | Número revista | Inventariado | Ubicación Permanente | Ubicación actual | Fecha de adquisición | Fuente de adquisición | Total Checkouts | Número topográfico | Inventario / Código de Barras | Date last seen | Ejemplar | Price effective from | Forma de adquisición | Tipo de material | Sistema de Clasificación | Datos de publicación Seriada | Control de visualización |
|---|---|---|---|---|---|---|---|---|---|---|---|---|---|---|---|---|---|---|---|---|---|---|---|
| Hemeroteca | 2009 | 2 | Inventariado 2017 | Bogotá | Bogotá | 05/11/2015 | SE | 029903 | 05/11/2015 | Ej. 1 | 05/11/2015 | Periodica o revista | Local | Número 2 | |||||||||
| Hemeroteca | 2010 | 3 | Bogotá | Bogotá | 05/11/2015 | SE | 029904 | 05/11/2015 | Ej. 1 | 05/11/2015 | Periodica o revista | Local | Número 3 | ||||||||||
| Hemeroteca | 2011 | 4 | Inventariado 2017 | Bogotá | Bogotá | 05/11/2015 | SE | 059690 | 05/11/2015 | Ej. 1 | 05/11/2015 | Periodica o revista | Local | Número 4 | |||||||||
| Hemeroteca | 2012 | 5 | Inventariado 2017 | Bogotá | Bogotá | 05/11/2015 | SE | 058304 | 05/11/2015 | Ej. 1 | 05/11/2015 | Periodica o revista | Local | Número 5 | |||||||||
| Hemeroteca | 2013 | 6 | Inventariado 2017 | Bogotá | Bogotá | 05/11/2015 | SE | 039325 | 05/11/2015 | Ej. 1 | 05/11/2015 | Periodica o revista | Local | Número 6 | |||||||||
| Hemeroteca | 1990 | 4 | 2 | Inventariado 2017 | Bogotá | Bogotá | 05/11/2015 | SE | 038630 | 05/11/2015 | Ej. 1 | 05/11/2015 | Periodica o revista | Local | Vol. 4, Nro. 2 | ||||||||
| Hemeroteca | 2015 | 8 | Inventariado 2017 | Bogotá | Bogotá | 31/05/2017 | SE | 041306 | 31/05/2017 | Ej. 1 | 31/05/2017 | Donación | Periodica o revista | Local | Número 8 | ||||||||
| Hemeroteca | 2016 | 9 | Inventariado 2017 | Bogotá | Bogotá | 31/05/2017 | SE | 041307 | 31/05/2017 | Ej. 1 | 31/05/2017 | Donación | Periodica o revista | Local | Número 9 | ||||||||
| Hemeroteca | 1991 | 5 | 2 | Inventariado 2017 | Villa de Leyva | Villa de Leyva | 14/03/2001 | Desconocido | SERIADAS 00395 | 006590 | 25/03/2015 | 1 | 25/03/2015 | Periodica o revista | |||||||||
| Hemeroteca | 1995 | 8 | 1 | Inventariado 2017 | Villa de Leyva | Villa de Leyva | 14/03/2001 | Desconocido | SERIADAS 00395 | 006591 | 25/03/2015 | 1 | 25/03/2015 | Periodica o revista | |||||||||
| Hemeroteca | 1988 | 3 | 2 | Inventariado 2017 | Villa de Leyva | Villa de Leyva | 24/10/2007 | SERIADAS 00395 | 025380 | 25/03/2015 | 1 | 25/03/2015 | Periodica o revista | ||||||||||
| Hemeroteca | 2008 | 1 | Inventariado 2017 | Villa de Leyva | Villa de Leyva | 15/07/2009 | SERIADAS 00395 | 027366 | 25/03/2015 | 1 | 25/03/2015 | Periodica o revista |